Southville International School and Colleges
Your cart is empty.
  • Cart
  • Lists
    Public lists Eva Luna New books Lux_list list_1
    Your lists Log in to create your own lists
  • Log in to your account
  • Your cookies
  • Search history
Southville International School and Colleges
  • Advanced search
  • Recent comments
  • Most popular
  • Libraries

Log in to your account

Log in with GOOGLE


If you do not have an external account, but do have a local account, you can still log in:

  1. Home
  2. MARC view: 5 steps to a ap world history 2008-2009
Normal view MARC view ISBD view

5 steps to a ap world history 2008-2009 (Record no. 16199)

[ view plain ]
MARC details
000 -LEADER
fixed length control field 01604cam a2200421 a 4500
001 - CONTROL NUMBER
control field 15075548
003 - CONTROL NUMBER IDENTIFIER
control field OSt
005 - DATE AND TIME OF LATEST TRANSACTION
control field 20140310182812.0
008 - FIXED-LENGTH DATA ELEMENTS--GENERAL INFORMATION
fixed length control field 071108s2008 nyu b 000 0 eng
010 ## - LIBRARY OF CONGRESS CONTROL NUMBER
LC control number 2007046251
020 ## - INTERNATIONAL STANDARD BOOK NUMBER
International Standard Book Number 9780071497961
040 ## - CATALOGING SOURCE
Original cataloging agency DLC
Transcribing agency DLC
Modifying agency DLC
043 ## - GEOGRAPHIC AREA CODE
Geographic area code n-us---
050 00 - LIBRARY OF CONGRESS CALL NUMBER
Classification number D 21
Item number .M379 2008
082 00 - DEWEY DECIMAL CLASSIFICATION NUMBER
Classification number M 909
Item number M379 2008
100 1# - MAIN ENTRY--PERSONAL NAME
Personal name Martin, Peggy J.
245 10 - TITLE STATEMENT
Title 5 steps to a ap world history 2008-2009
Statement of responsibility, etc Martin, Peggy J.
246 3# - VARYING FORM OF TITLE
Title proper/short title Advanced placement world history
260 ## - PUBLICATION, DISTRIBUTION, ETC. (IMPRINT)
Place of publication, distribution, etc New York :
Name of publisher, distributor, etc McGraw-Hill Companies Inc.,
Date of publication, distribution, etc c2008.
300 ## - PHYSICAL DESCRIPTION
Extent xvi, 310 p.
Dimensions 28 cm.
490 0# - SERIES STATEMENT
Series statement 5 steps to a 5
500 ## - GENERAL NOTE
General note Editions after 2008 are cataloged as a serial in LC.
Institution to which field applies DLC
504 ## - BIBLIOGRAPHY, ETC. NOTE
Bibliography, etc Includes bibliographical references (p. [311).
521 ## - TARGET AUDIENCE NOTE
Target audience note
526 ## - STUDY PROGRAM INFORMATION NOTE
Reading level 1210L-1700L
541 ## - IMMEDIATE SOURCE OF ACQUISITION NOTE
-- 1
562 ## - COPY AND VERSION IDENTIFICATION NOTE
Number of copies 1
650 #0 - SUBJECT ADDED ENTRY--TOPICAL TERM
Topical term or geographic name as entry element World history
General subdivision Examinations
Form subdivision Study guides.
650 #0 - SUBJECT ADDED ENTRY--TOPICAL TERM
Topical term or geographic name as entry element Advanced placement programs (Education)
General subdivision Examinations
Form subdivision Study guides.
710 2# - ADDED ENTRY--CORPORATE NAME
Corporate name or jurisdiction name as entry element McGraw-Hill Companies.
856 42 - ELECTRONIC LOCATION AND ACCESS
Materials specified Contributor biographical information
Uniform Resource Identifier <a href="http://www.loc.gov/catdir/enhancements/fy0805/2007046251-b.html">http://www.loc.gov/catdir/enhancements/fy0805/2007046251-b.html</a>
856 42 - ELECTRONIC LOCATION AND ACCESS
Materials specified Publisher description
Uniform Resource Identifier <a href="http://www.loc.gov/catdir/enhancements/fy0805/2007046251-d.html">http://www.loc.gov/catdir/enhancements/fy0805/2007046251-d.html</a>
856 41 - ELECTRONIC LOCATION AND ACCESS
Materials specified Table of contents only
Uniform Resource Identifier <a href="http://www.loc.gov/catdir/enhancements/fy0805/2007046251-t.html">http://www.loc.gov/catdir/enhancements/fy0805/2007046251-t.html</a>
906 ## - LOCAL DATA ELEMENT F, LDF (RLIN)
a 7
b cbc
c orignew
d 1
e ecip
f 20
g y-gencatlg
942 ## - ADDED ENTRY ELEMENTS (KOHA)
Source of classification or shelving scheme Library of Congress Classification
Koha item type Books
Call number prefix
Holdings
Withdrawn status Lost status Source of classification or shelving scheme Damaged status Home library Current library Shelving location Date acquired Total Checkouts Full call number Barcode Date last seen Copy number Price effective from Koha item type
    Library of Congress Classification   College Library College Library General Circulation Section 02/22/2013   D 21 .M379 2008 C13181 05/15/2018 1 11/14/2013 Books

5 steps to a ap world history 2008-2009

APA

Martin P. J., McGraw-Hill Companies, . (2008). 5 steps to a ap world history 2008-2009. New York: McGraw-Hill Companies Inc.

Chicago

Martin Peggy J, McGraw-Hill Companies, . 2008. 5 steps to a ap world history 2008-2009. New York: McGraw-Hill Companies Inc.

Harvard

Martin P. J., McGraw-Hill Companies, . (2008). 5 steps to a ap world history 2008-2009. New York: McGraw-Hill Companies Inc.

MLA

Martin Peggy J, McGraw-Hill Companies, . 5 steps to a ap world history 2008-2009. New York: McGraw-Hill Companies Inc. 2008.

  • Place hold
  • Print
  • Cite
  • Add to your cart (remove)
  • Save record
    BIBTEX Dublin Core MARCXML MARC (non-Unicode/MARC-8) MARC (Unicode/UTF-8) MARC (Unicode/UTF-8, Standard) MODS (XML) RIS
  • More searches
    Search for this title in:
    Other Libraries (WorldCat) Other Databases (Google Scholar) Online Stores (Bookfinder.com) Open Library (openlibrary.org)

Exporting to Dublin Core...

SOUTHVILLE LIBRARY

Southville International School and Colleges Library

1281 Tropical Ave. Cor. Luxembourg St., BF Homes International, Las Pinas City

Tel. No. 8256374 / 252358 Loc. 117/146

Powered by Koha